Pays par films s'y déroulant #2 - Statistiques

Statistiques générales
  • Ce quiz a été pris 59 fois
  • Le résultat moyen est 13 sur 20
Statistiques - réponses
Par images Hint Réponse % Correct
Le Dernier Empereur / Mulan Chine
95%
Les Deux Papes / Conclave Vatican
95%
Casablanca / Casanegra Maroc
91%
La Loi de Téhéran / Persepolis Iran
88%
Escobar / Monos Colombie
86%
Mamma Mia! / 300 Grèce
86%
Himalaya : L'Enfance d'un chef / Everest Népal
86%
Good Bye, Lenin ! / Jojo Rabbit Allemagne
79%
Le Docteur Jivago / Anastasia Russie
79%
The Spy Gone North / L'Interview qui tue ! Corée du Nord
75%
The Northman / Béliers Islande
68%
Démineurs / American Sniper Irak
63%
La Leçon de Piano / L'Âme des Guerriers Nouvelle Zélande
52%
A Cure for Life / Mad Heidi Suisse
50%
Le Labyrinthe de Pan / Douleur et Gloire Espagne
48%
Le Serment de Pamfir / Serviteur du peuple Ukraine
48%
Rasta Rockett / Scott Pilgrim Canada
41%
Drunk / Pelle le Conquérant Danemark
41%
No / Mon ami Machuca Chili
32%
The Raid / Toute la beauté du monde Indonésie
20%
Aucun quiz correspondant
Distribution des résultats
% des personnes avec chaque résultat
Percentile par nombre de réponses
Votre historique - résultats
Vous n’avez pas pris ce quiz